| 000 | 01112nam a2200277 i 4500 | ||
|---|---|---|---|
| 001 | bg | ||
| 245 | 0 | 0 |
_aEncyklopedia technik wytwarzania stosowanych w przemyśle maszynowym : _bpraca zbiorowa / _cpod red. Jerzego Erbla _nT. 1, _pOdlewnictwo, obróbka plastyczna, przetwórstwo tworzyw sztucznych, spawalnictwo. |
| 250 | _aWyd. 7 popr. | ||
| 260 |
_aWarszawa : _bOficyna Wydawnicza Politechniki Warszawskiej, _c2001. |
||
| 300 |
_a184 s. : _brys. ; _c24 cm. |
||
| 504 | _aBibliogr. przy rozdz. | ||
| 650 | 9 |
_aMetale _xobróbka plastyczna |
|
| 650 | 9 | _aOdlewnictwo | |
| 650 | 9 | _aSpawalnictwo | |
| 650 | 9 |
_aTworzywa sztuczne _xtechnologia |
|
| 655 | _aPodręczniki akademickie | ||
| 700 | 1 |
_aERBEL, Jerzy. _eRed. |
|
| 020 | _a8372073023 | ||
| 040 | _cBPK | ||
| 041 | 0 | _apol | |
| 080 | _a621.73:621.791/.795:678](075.8) | ||
| 920 | _a83-7207-302-3 | ||
| 942 | _cKS | ||
| 008 | s pl f |000 0 pol | ||
| 999 |
_c53347 _d53347 |
||
| 856 |
_uhttp://koha.tu.koszalin.pl/cgi-bin/koha/opac-detail.pl?biblionumber=53347 _yKatalog online BPK |
||